Jääkiekon pääsarjoja - Statistics

Yleistilastot
  • Tätä visaa on pelattu 46 kertaa
  • Keskiarvotulos 4 / 10
Vastaustilastot
Hint Vastaus % Oikein
Kanada ja Yhdysvallat NHL / National Hockey League
98%
Suomi Liiga / SM-liiga
93%
Ruotsi SHL
80%
Saksa DEL
55%
Sveitsi NLA / National League A
23%
Tsekki Extraliga
18%
Slovakia Extraliga
18%
Itävalta Ice Hockey League
13%
Tanska Metal Ligaen
10%
Norja EliteHockey League
5%
Ehtoja vastaavia visoja ei löytynyt
Tulosjakauma
Jokaisen tuloksen saaneiden osuus
Persentiili vastausten määrän mukaan
Tuloshistoriasi
Et ole pelannut tätä visaa